000 01081nam a22003137a 4500
003 CHAP
005 20220329134152.0
008 971013s1967 r 00010 d
010 _a16471
011 _a17443
035 _a21526
040 _cCHAP
090 _aTesis
100 0 0 _aHorcasitas Calderón, Víctor Manuel.
_956220
245 _aAlgunos indicadores del desarrollo agrícola mexicano en los últimos 27 años y su cuantificación
260 _aChapingo, Méx. :
_bEl Autor,
_c1967
300 _a134 h.
_b: gráfs.
502 _aTesis (Ing. Agr. Esp. en Economía) -- ENA. Depto. de Econoomía Agrícola
590 _aALEPH
_b10
_c20130110
_lUCH01
_h1239
590 _aBATCH-UPD
_b10
_c20130110
_lUCH01
_h1827
590 _aBATCH-UPD
_b10
_c20130410
_lUCH01
_h1200
590 _aBATCH-UPD
_b10
_c20130914
_lUCH01
_h2116
590 _aCONVERSION
_b10
_c20130109
_lUCH01
_h1310
650 1 4 _aAgricultura
_xAspectos economicos
_zMexico.
_91312
901 _aBK
942 _cFOLL
949 _bBC
_cTES
_d-50123
_eTS1
_i21526
_si
949 _bBC
_cTES
_d-50124
_eTS2
_fc.2
_i21526
_si
999 _c16471
_d16471